Πεζογραφήματα
Αποθηκεύτηκε σε:
| Κύριος συγγραφέας: | |
|---|---|
| Μορφή: | Βιβλίο |
| Γλώσσα: | Greek |
| Δημοσίευση: |
Αθήνα :
[χ.ό.],
1987
|
| Θέματα: | |
| Ετικέτες: |
Προσθήκη ετικέτας
Δεν υπάρχουν, Καταχωρήστε ετικέτα πρώτοι!
|
MARC
| LEADER | 00000cam a2200000 i 4500 | ||
|---|---|---|---|
| 001 | 1/27973 | ||
| 008 | 060411s1987 gre d | ||
| 035 | |l 10083536 | ||
| 040 | |a GR-MY-UA |b gre |e aacr | ||
| 041 | 0 | |a gre | |
| 082 | 0 | |a 889.334 |2 (22) | |
| 100 | 1 | |a Σταυρίδου, Μαρία. | |
| 245 | 1 | 0 | |a Πεζογραφήματα / |c Μαρία Σταυρίδου |
| 260 | |a Αθήνα : |b [χ.ό.], |c 1987 | ||
| 300 | |a 298 σ.; |c 21 εκ. | ||
| 500 | |a Με: Χρονογραφήματα / Παναγιώτη Γ. Γιασιράνη. - Ποικίλα / Τ. Λαρισαίου | ||
| 650 | 0 | 0 | |a Greek literature, Modern. |
| 650 | 0 | 0 | |a Greek prose literature, Modern. |
| 852 | |a INST |b RHODES |c KRI |e 20060411 |h 889.334 ΣΤΑ |p 005400030805 |q 005400030805 |t BK |y 0 | ||
| 901 | |a BIBL4-2006-1 | ||
| 909 | |a Ρ |b 122691 | ||
| 970 | |a ΚΟΖΑ |b ΜΑΡΙΑ |z 2006/04/11 | ||